01526nam a2200361 a 4500001001200000003000800012006001900020007001500039008004100054010001700095020002800112040002100140035002100161050002600182082001800208245016200226260005400388300002500442504004500467504005100512533015200563650006700715650003400782650006700816650004300883655002900926700001600955700001400971700002100985710001701006856012601023999001501149ebr10001770CaPaEBRm u cr cn|||||||||990915s2000 moua sb s011 0deng  z 99048271  z0826212565 (alk. paper) aCaPaEBRcCaPaEBR a(OCoLC)30051832514aPR756.B56bB56 2000eb04a820.9/49222100aBiographical passagesh[electronic resource] :bessays in Victorian and Modernist biography : honoring Mary M. Lago /cedited by Joe Law and Linda K. Hughes. aColumbia :bUniversity of Missouri Press,cc2000. aviii, 208 p. :bill. a"Publications by Mary Lago": p. 193-198. aIncludes bibliographical references and index. aElectronic reproduction.bPalo Alto, Calif. :cebrary,d2013.nAvailable via World Wide Web.nAccess may be limited to ebrary affiliated libraries. 0aEnglish prose literaturey19th centuryxHistory and criticism. 0aBiography as a literary form. 0aEnglish prose literaturey20th centuryxHistory and criticism. 0aModernism (Aesthetics)zGreat Britain. 7aElectronic books.2local1 aLago, Mary.1 aLaw, Joe.1 aHughes, Linda K.2 aebrary, Inc.40uhttp://site.ebrary.com/lib/rucke/Doc?id=10001770zAn electronic book accessible through the World Wide Web; click to view c4768d4768